Statistics for Cities with most billionaires

Click here to take the quiz!

General Stats

  • This quiz has been taken 61 times
  • The average score is 7 of 10

Answer Stats

NoAnswer% Correct
79New York
100%
48London
96%
31Shanghai
88%
51Beijing
86%
60Moscow
86%
68Hong Kong
75%
30Seoul
72%
32Mumbai
58%
28San Francisco
56%
30Shenzhen
14%

Score Distribution

Percentile by Number Answered

Percent of People with Each Score

Your Score History

You have not taken this quiz